[Event "10th Lost Boys op"]
[Site "Amsterdam NED"]
[Date "2002.08.03"]
[Round "8.35"]
[White "Wemmers, Xander"]
[Black "Piceu, Tom"]
[Result "1-0"]
[WhiteElo "2274"]
[BlackElo "2173"]
[EventDate "2002.07.26"]
[PlyCount "83"]

1.d4 Nf6 2.c4 c5 3.d5 e6 4.Nc3 exd5 5.cxd5 d6 6.e4 g6 7.Bd3 Bg7 8.h3 O-O 
9.Bg5 a6 10.a4 Nbd7 11.Nf3 Qc7 12.O-O Rb8 13.Rc1 c4 14.Bb1 b5 15.axb5 axb5
16.b4 cxb3 17.Qxb3 Nc5 18.Qd1 Re8 19.e5 Nfd7 20.e6 Ne5 21.Nxe5 Bxe5 22.Ne4
fxe6 23.f4 Qb6 24.Kh1 Nxe4 25.Bxe4 Bg7 26.Rc6 Qe3 27.Re1 Qg3 28.Rxd6 e5 
29.Qd2 Qa3 30.Rc6 Bd7 31.Rc7 Qd6 32.Ra7 b4 33.Rea1 Bb5 34.f5 gxf5 35.Bxf5 
Kh8 36.Rxg7 Kxg7 37.Ra7+ Kg8 38.Bxh7+ Kh8 39.Qxb4 Qb6 40.Qh4 Qxa7 41.Bf6+ 
Qg7 42.Bf5+ 1-0

[Event "10th Lost Boys op"]
[Site "Amsterdam NED"]
[Date "2002.08.03"]
[Round "8.36"]
[White "Van Kooten, Luuk"]
[Black "Vogel, Jaap"]
[Result "1/2-1/2"]
[WhiteElo "2259"]
[BlackElo "2266"]
[EventDate "2002.07.26"]
[PlyCount "37"]

1.e4 e6 2.d4 d5 3.Nc3 Bb4 4.e5 b6 5.a3 Bf8 6.Bb5+ Bd7 7.Bd3 c5 8.Nf3 Nc6 
9.O-O a6 10.Re1 h6 11.g3 g5 12.dxc5 bxc5 13.h4 g4 14.Nh2 c4 15.Bf1 h5 16.
f3 Qb6+ 17.Kh1 d4 18.Ne4 Nxe5 19.fxg4 1/2-1/2

[Event "10th Lost Boys op"]
[Site "Amsterdam NED"]
[Date "2002.08.03"]
[Round "8.37"]
[White "Markus, John Raymond"]
[Black "Klinova, Masha"]
[Result "1/2-1/2"]
[WhiteElo "2247"]
[BlackElo "2407"]
[EventDate "2002.07.26"]
[PlyCount "94"]

1.d4 d6 2.Nf3 g6 3.c4 Bg7 4.e4 Nc6 5.d5 Ne5 6.Nxe5 dxe5 7.Nc3 e6 8.Be2 Ne7
9.Qa4+ c6 10.Bg5 f6 11.O-O-O exd5 12.Nxd5 Nxd5 13.Rxd5 Bd7 14.Rd2 fxg5 15.
Rhd1 O-O 16.Rxd7 Qb6 17.c5 Qxc5+ 18.Qc4+ Qxc4+ 19.Bxc4+ Kh8 20.Rxb7 Rfb8 
21.Rc7 Rc8 22.Rdd7 Rxc7 23.Rxc7 g4 24.Be6 Rf8 25.Bxg4 Bh6+ 26.Kb1 Rxf2 27.
Bf3 Be3 28.a4 Bd4 29.Rxc6 Rxb2+ 30.Kc1 Ra2 31.Rc4 h5 32.h3 Kg7 33.Kb1 Ra3 
34.h4 Kf6 35.Kc2 Ra2+ 36.Kb3 Ra1 37.Rc6+ Kg7 38.g4 Rf1 39.Rc7+ Kh8 40.Be2 
Rf2 41.gxh5 Rxe2 42.hxg6 Rxe4 43.h5 Rh4 44.Rc8+ Kg7 45.Rc7+ Kg8 46.Rc8+ 
Kg7 47.Rc7+ Kg8 1/2-1/2

[Event "10th Lost Boys op"]
[Site "Amsterdam NED"]
[Date "2002.08.03"]
[Round "8.38"]
[White "Konings, Leon"]
[Black "O`Cinneide, Mel"]
[Result "1-0"]
[WhiteElo "2318"]
[BlackElo "2251"]
[EventDate "2002.07.26"]
[PlyCount "61"]

1.d4 Nf6 2.c4 e6 3.Nc3 Bb4 4.e3 b6 5.Ne2 c5 6.a3 Ba5 7.Rb1 Na6 8.Bd2 O-O 
9.f3 d5 10.dxc5 bxc5 11.Na2 Bb6 12.Ng3 Bb7 13.Be2 Qd7 14.O-O Rad8 15.Qc1 
h5 16.Rd1 h4 17.Nf1 d4 18.Be1 h3 19.Ng3 hxg2 20.e4 Bc7 21.Bd3 Bd6 22.Qc2 
Qc7 23.Rd2 Nb8 24.Rxg2 Nbd7 25.Bd2 Bf4 26.Rf1 Rfe8 27.Nc1 Nf8 28.Kh1 Ng6 
29.e5 Qxe5 30.Bxg6 fxg6 31.Nd3 1-0

[Event "10th Lost Boys op"]
[Site "Amsterdam NED"]
[Date "2002.08.03"]
[Round "8.39"]
[White "Ryan, Joseph"]
[Black "Roebers, Jan"]
[Result "0-1"]
[WhiteElo "2289"]
[BlackElo "2250"]
[EventDate "2002.07.26"]
[PlyCount "188"]

1.d4 Nf6 2.Nf3 g6 3.c4 Bg7 4.Nc3 O-O 5.e4 d6 6.Be2 Na6 7.Be3 e5 8.O-O Ng4 
9.Bg5 Qe8 10.dxe5 h6 11.Bd2 dxe5 12.h3 Nf6 13.Be3 c6 14.c5 Nh5 15.Re1 Be6 
16.Bxa6 bxa6 17.Qe2 f5 18.Rad1 Rb8 19.Bc1 Nf4 20.Qe3 Nxh3+ 21.gxh3 f4 22.
Qd3 g5 23.Nh2 h5 24.f3 Bxh3 25.Kh1 g4 26.Qd7 Rd8 27.Qxe8 Rfxe8 28.fxg4 
hxg4 29.Rg1 Rxd1 30.Nxd1 g3 31.Nf3 Bf6 32.Nc3 Kf7 33.Ne2 Rh8 34.Re1 Be6+ 
35.Kg2 Bxa2 36.Rh1 Rxh1 37.Kxh1 Ke6 38.Nc3 Bc4 39.Kg2 Be7 40.b4 a5 41.Ba3 
axb4 42.Bxb4 Bd8 43.Nd2 Ba6 44.Na4 Bd3 45.Kf3 Bc2 46.Nb2 a5 47.Ba3 Kf6 48.
Nbc4 Bc7 49.Bb2 a4 50.Bc3 Bd1+ 51.Kg2 Bc2 52.Na3 Bd3 53.Kf3 Kg5 54.Nac4 
Kf6 55.Bb4 Bc2 56.Ke2 Kg5 57.Nf3+ Kg4 58.Ncd2 Kh3 59.Bc3 a3 60.Nxe5 a2 61.
Nef3 Ba5 62.Bd4 Bxd2 63.Nxd2 g2 64.Kf2 Bxe4 65.Kg1 Bd5 66.Be5 Kg4 67.Kf2 
Kf5 68.Bd4 Ke6 69.Bc3 Kd7 70.Bd4 Kc8 71.Bc3 Kb7 72.Bd4 Ka6 73.Kg1 Kb5 74.
Kf2 Ka4 75.Kg1 Ka5 76.Kf2 Ka6 77.Kg1 Kb7 78.Kf2 Kb8 79.Bc3 Kc7 80.Bd4 Kd8 
81.Bc3 Ke7 82.Bd4 Kf7 83.Bc3 Kg6 84.Bd4 Kh5 85.Bc3 Kh4 86.Bd4 Kh3 87.Kg1 
f3 88.Kf2 Kh2 89.Nf1+ gxf1=Q+ 90.Kxf1 Kg3 91.Be5+ Kg4 92.Kf2 Kf5 93.Bb2 
Ke4 94.Bg7 Kd3 0-1

[Event "10th Lost Boys op"]
[Site "Amsterdam NED"]
[Date "2002.08.03"]
[Round "8.40"]
[White "De Roda Husman, Juan"]
[Black "Helvensteijn, Dennis"]
[Result "1/2-1/2"]
[WhiteElo "2281"]
[BlackElo "2242"]
[EventDate "2002.07.26"]
[PlyCount "93"]

1.e4 c6 2.d4 d5 3.Nc3 dxe4 4.Nxe4 Nf6 5.Nxf6+ gxf6 6.c3 Nd7 7.Nf3 Nb6 8.g3
Bg4 9.Bg2 Qd7 10.h3 Be6 11.b3 O-O-O 12.c4 Bf5 13.Be3 e5 14.O-O e4 15.Nh4 
Bxh3 16.Bxe4 Kb8 17.Bg2 Rg8 18.a4 Nc8 19.Qh5 Bd6 20.d5 Ne7 21.dxc6 Nxc6 
22.c5 Be5 23.Rad1 Qe6 24.Rxd8+ Rxd8 25.Bxh3 Qxh3 26.Qf5 Qxf5 27.Nxf5 Rd3 
28.Rb1 a5 29.Kf1 Nb4 30.Ke2 Rd5 31.Rh1 Nc2 32.Rxh7 Nxe3 33.Nxe3 Rxc5 34.
Nc4 b5 35.Nxe5 Rxe5+ 36.Kd3 Rd5+ 37.Kc3 bxa4 38.bxa4 Rc5+ 39.Kd4 Rc2 40.
Rxf7 Rxf2 41.Kc5 Rf3 42.Kb6 Rb3+ 43.Kxa5 Rxg3 44.Rxf6 Rg7 45.Kb5 Rb7+ 46.
Kc5 Ka7 47.a5 1/2-1/2

[Event "10th Lost Boys op"]
[Site "Amsterdam NED"]
[Date "2002.08.03"]
[Round "8.41"]
[White "Van Egmond, Rogier Marcel"]
[Black "Hopman, Pieter"]
[Result "0-1"]
[WhiteElo "2276"]
[BlackElo "2225"]
[EventDate "2002.07.26"]
[PlyCount "76"]

1.c4 d6 2.g3 e5 3.Bg2 f5 4.Nc3 Nf6 5.d3 Be7 6.e4 Nc6 7.Nge2 O-O 8.O-O Rb8 
9.h3 a6 10.Be3 Qe8 11.exf5 Bxf5 12.g4 Bd7 13.d4 b5 14.d5 Na5 15.cxb5 axb5 
16.Rc1 Nc4 17.b3 Nxe3 18.fxe3 Qg6 19.Ng3 h5 20.Nf5 Bd8 21.Ne4 hxg4 22.
Nxf6+ Rxf6 23.hxg4 Bxf5 24.Rxf5 Rxf5 25.gxf5 Qxf5 26.Qe2 Bh4 27.Rf1 Qg5 
28.Qf3 Bg3 29.Bh3 Ra8 30.a4 bxa4 31.bxa4 Bf4+ 32.Kh1 Bxe3 33.Be6+ Kh8 34.
Ra1 g6 35.a5 Bf4 36.Rg1 Qh6+ 37.Kg2 Rxa5 38.Qe4 Qh2+ 0-1

[Event "10th Lost Boys op"]
[Site "Amsterdam NED"]
[Date "2002.08.03"]
[Round "8.42"]
[White "Nicolai, Erik"]
[Black "Van der Elburg, Freddie"]
[Result "1-0"]
[WhiteElo "2238"]
[BlackElo "2275"]
[EventDate "2002.07.26"]
[PlyCount "67"]

1.e4 c5 2.Nf3 e6 3.c3 Nf6 4.e5 Nd5 5.Bc4 b6 6.d4 Bb7 7.O-O cxd4 8.Qxd4 Qc7
9.Re1 Nc6 10.Qh4 Nce7 11.Bd3 g6 12.a3 Nf5 13.Qh3 h5 14.c4 Nde7 15.Nc3 Bg7 
16.Bg5 a6 17.Bf6 O-O-O 18.Ng5 Rdf8 19.Nce4 Bxf6 20.Nxf6 Nc6 21.Bxf5 gxf5 
22.Qc3 d6 23.exd6 Qxd6 24.Rad1 Qf4 25.Qg3 Qxg3 26.hxg3 Nb8 27.Rd6 Rh6 28.
Nfh7 Re8 29.Red1 Bc6 30.Rd8+ Kc7 31.R1d6 Bd7 32.R6xd7+ Nxd7 33.Rxe8 f6 34.
Rxe6 1-0

[Event "10th Lost Boys op"]
[Site "Amsterdam NED"]
[Date "2002.08.03"]
[Round "8.43"]
[White "Plasman, Hans"]
[Black "Muhren, Willem"]
[Result "1/2-1/2"]
[WhiteElo "2255"]
[BlackElo "2182"]
[EventDate "2002.07.26"]
[PlyCount "128"]

1.e4 d6 2.d4 Nf6 3.Nc3 g6 4.g3 Bg7 5.Bg2 O-O 6.Nge2 e5 7.h3 c6 8.a4 exd4 
9.Nxd4 Na6 10.O-O Nb4 11.Nb3 d5 12.Bg5 h6 13.Bd2 Re8 14.Re1 Kh7 15.a5 dxe4
16.Nxe4 Nbd5 17.Nec5 Nd7 18.Nd3 Ne5 19.Nxe5 Bxe5 20.Qc1 Bg7 21.Rd1 Bf5 22.
c4 Nf6 23.Bxh6 Bxh6 24.Rxd8 Bxc1 25.Rxa8 Rxa8 26.Rxc1 Re8 27.a6 bxa6 28.
Nd4 Rb8 29.Nxf5 gxf5 30.Ra1 Rxb2 31.Rxa6 Rc2 32.Bxc6 Rxc4 33.Bf3 Ne4 34.
Rxa7 Kg7 35.h4 Rc2 36.Bxe4 fxe4 37.Re7 Rc1+ 38.Kg2 Re1 39.g4 Kf8 40.Re5 f6
41.Rf5 Kg7 42.h5 e3 43.Kf3 exf2 44.Kxf2 Ra1 45.Rf3 Ra4 46.Kg3 Rb4 47.Re3 
Rb7 48.Kf4 Ra7 49.Re4 Rb7 50.Rd4 Re7 51.Rd6 Ra7 52.Rd5 Rb7 53.Kf5 Ra7 54.
Rb5 Rc7 55.Rb6 Rc5+ 56.Kf4 Rc4+ 57.Kg3 Rc3+ 58.Kh4 Rc7 59.Re6 Ra7 60.Kg3 
Rb7 61.Kf4 Rb4+ 62.Re4 Rb7 63.Rd4 Re7 64.Re4 Rb7 1/2-1/2

[Event "10th Lost Boys op"]
[Site "Amsterdam NED"]
[Date "2002.08.03"]
[Round "8.44"]
[White "De Saegher, Chris"]
[Black "Willemze, Thomas"]
[Result "1-0"]
[WhiteElo "2217"]
[BlackElo "2253"]
[EventDate "2002.07.26"]
[PlyCount "137"]

1.d4 Nf6 2.Nf3 c5 3.d5 b5 4.Bg5 Ne4 5.Bf4 Bb7 6.Qd3 f5 7.Nbd2 c4 8.Qd4 Na6
9.Nxe4 fxe4 10.Qxe4 Nb4 11.c3 Nxd5 12.Be5 d6 13.Bg3 Qd7 14.Qd4 e5 15.Qd2 
Be7 16.e3 Nf6 17.Rd1 Qe6 18.Qc2 Ne4 19.Nd2 Nc5 20.b3 d5 21.Be2 O-O 22.O-O 
Bf6 23.e4 Nxe4 24.Nxe4 dxe4 25.bxc4 bxc4 26.Qa4 Rfc8 27.Rb1 Bd5 28.Rfd1 
Kh8 29.h3 Qf7 30.Qa5 Rd8 31.Qc5 Rac8 32.Qa5 Rd7 33.Bg4 Be6 34.Rxd7 Bxd7 
35.Qxa7 Rd8 36.Rd1 Be8 37.Rxd8 Bxd8 38.Qxf7 Bxf7 39.Bxe5 Bb6 40.Kf1 e3 41.
f4 h5 42.Bd7 Bd5 43.g3 Be4 44.h4 Bd3+ 45.Ke1 Kg8 46.f5 Kf7 47.Be6+ Ke7 48.
Bd5 Bc5 49.Bf3 Bxf5 50.Bxh5 g6 51.Bf3 Ke6 52.Bf4 Bb6 53.g4 Bb1 54.a4 Bc2 
55.Bd1 Be4 56.Bh6 Kd5 57.Bg7 Bc7 58.Ke2 Bb6 59.h5 Bd3+ 60.Ke1 gxh5 61.gxh5
Bd8 62.Bf3+ Kd6 63.Bd4 Ba5 64.h6 Ke6 65.Be2 Kf7 66.Bxd3 cxd3 67.h7 Bc7 68.
Bxe3 Kg7 69.Kd2 1-0

[Event "10th Lost Boys op"]
[Site "Amsterdam NED"]
[Date "2002.08.03"]
[Round "8.45"]
[White "Span, Paul"]
[Black "Happel, Hendrik"]
[Result "1-0"]
[WhiteElo "2294"]
[BlackElo "2254"]
[EventDate "2002.07.26"]
[PlyCount "85"]

1.e4 e6 2.d4 d5 3.Nc3 Nf6 4.Bg5 Bb4 5.e5 h6 6.Bd2 Bxc3 7.bxc3 Ne4 8.Qg4 
Kf8 9.Bd3 Nxd2 10.Kxd2 c5 11.h4 Nc6 12.Nf3 c4 13.Be2 b5 14.a3 a5 15.Qf4 
Bd7 16.g4 b4 17.g5 bxc3+ 18.Ke1 Kg8 19.Rg1 hxg5 20.Rxg5 Ne7 21.h5 Nf5 22.
Bf1 Qb6 23.Bh3 Qb2 24.Rc1 Qxa3 25.Bxf5 exf5 26.Kd1 Qf8 27.Ke2 Ra6 28.Rcg1 
Rh7 29.Qe3 Qb4 30.R5g3 Qb2 31.Ne1 a4 32.Qg5 Qb8 33.Qe7 Qe8 34.Qa3 Qf8 35.
Qxc3 a3 36.Ng2 a2 37.Nf4 Qa8 38.Ra1 Rhh6 39.Rgg1 Ra4 40.Qg3 Rh7 41.h6 Qa7 
42.Nxd5 g6 43.Qg5 1-0

[Event "10th Lost Boys op"]
[Site "Amsterdam NED"]
[Date "2002.08.03"]
[Round "8.46"]
[White "Blanchard, Jack"]
[Black "Kohler, Aran"]
[Result "1/2-1/2"]
[WhiteElo "2255"]
[BlackElo "2298"]
[EventDate "2002.07.26"]
[PlyCount "20"]

1.d4 d5 2.e3 e6 3.Nf3 Nf6 4.Bd3 b6 5.Ne5 Bb7 6.Nd2 Nbd7 7.f4 Nxe5 8.fxe5 
Nd7 9.Qh5 g6 10.Qf3 Bg7 1/2-1/2

[Event "10th Lost Boys op"]
[Site "Amsterdam NED"]
[Date "2002.08.03"]
[Round "8.47"]
[White "Leuw, Micha"]
[Black "Thorhallsson, Gylfi"]
[Result "1-0"]
[WhiteElo "2220"]
[BlackElo "2250"]
[EventDate "2002.07.26"]
[PlyCount "45"]

1.e4 c5 2.Nf3 e6 3.d4 cxd4 4.Nxd4 Nf6 5.Nc3 Bb4 6.Bd3 d5 7.e5 Nfd7 8.Qg4 
Qc7 9.O-O Be7 10.Ndb5 Qd8 11.Qxg7 Rf8 12.Bh6 Qb6 13.Be3 Qa5 14.Bg5 Nc6 15.
Bxe7 Kxe7 16.Qg5+ f6 17.exf6+ Nxf6 18.Rfe1 Qd8 19.Bxh7 a6 20.Rad1 Nb4 21.
Nd4 Kd6 22.Qe5+ Kc5 23.Na4+ 1-0

[Event "10th Lost Boys op"]
[Site "Amsterdam NED"]
[Date "2002.08.04"]
[Round "9.3"]
[White "Handke, Florian"]
[Black "Smeets, Jan"]
[Result "1-0"]
[WhiteElo "2471"]
[BlackElo "2392"]
[EventDate "2002.07.26"]
[PlyCount "69"]

1.e4 e5 2.Nf3 Nc6 3.Bb5 a6 4.Ba4 Nf6 5.O-O Nxe4 6.d4 b5 7.Bb3 d5 8.dxe5 
Be6 9.Be3 Be7 10.Nbd2 Nc5 11.Bxc5 Bxc5 12.c3 O-O 13.Qe2 Bf5 14.Rad1 Qd7 
15.Rfe1 Rad8 16.Nf1 d4 17.Ng5 Qe7 18.Qf3 Qxg5 19.Qxc6 Bb6 20.cxd4 Bxd4 21.
Qxc7 Bg4 22.Rd2 Bf3 23.g3 Qh5 24.Re3 Ba8 25.h4 Qf5 26.Rxd4 Rxd4 27.e6 g6 
28.exf7+ Kg7 29.Qc3 Qd7 30.Re8 Qd6 31.Qe3 Rb4 32.Rxf8 Qxf8 33.Qe5+ Kh6 34.
Ne3 Bb7 35.Qg5+ 1-0

[Event "10th Lost Boys op"]
[Site "Amsterdam NED"]
[Date "2002.08.04"]
[Round "9.4"]
[White "Halkias, Stelios"]
[Black "Van der Wiel, John"]
[Result "1/2-1/2"]
[WhiteElo "2550"]
[BlackElo "2506"]
[EventDate "2002.07.26"]
[PlyCount "79"]

1.d4 Nf6 2.c4 e6 3.Nf3 b6 4.e3 Bb7 5.Bd3 c5 6.O-O g6 7.Nbd2 cxd4 8.exd4 
Bg7 9.b4 O-O 10.a4 d5 11.b5 dxc4 12.Nxc4 Bxf3 13.Qxf3 Qd5 14.Ne5 Qxf3 15.
gxf3 Rd8 16.Be3 Nd5 17.Be4 Bxe5 18.dxe5 Nd7 19.Bg5 Rdc8 20.Rfd1 Nxe5 21.f4
Rc4 22.f3 h6 23.Bxh6 Nd7 24.Bxd5 exd5 25.Rxd5 Nc5 26.Re1 Rxa4 27.f5 Rh4 
28.Bg5 Rh5 29.h4 gxf5 30.Re7 Kf8 31.Ree5 Ne6 32.Rxf5 Nxg5 33.hxg5 Re8 34.
g6 Rxf5 35.Rxf5 f6 36.Rxf6+ Kg7 37.Rd6 Re5 38.Kf2 Rxb5 39.f4 a5 40.Ke3 
1/2-1/2

[Event "10th Lost Boys op"]
[Site "Amsterdam NED"]
[Date "2002.08.04"]
[Round "9.5"]
[White "De Vreugt, Dennis"]
[Black "Shchekachev, Andrei"]
[Result "0-1"]
[WhiteElo "2477"]
[BlackElo "2546"]
[EventDate "2002.07.26"]
[PlyCount "106"]

1.e4 c5 2.Nf3 d6 3.d4 cxd4 4.Nxd4 Nf6 5.Nc3 Nc6 6.Bg5 e6 7.Qd2 Qb6 8.Nb3 
a6 9.O-O-O Be7 10.f4 O-O 11.h4 Rd8 12.Rh3 Qc7 13.Bxf6 Bxf6 14.g4 b5 15.Kb1
Be7 16.Ne2 e5 17.f5 b4 18.c4 a5 19.Qd3 a4 20.Nd2 Ba6 21.g5 Qb6 22.f6 gxf6 
23.Qf3 Bf8 24.gxf6 Kh8 25.Rg3 Nd4 26.Qg4 Bh6 27.Qh5 Rg8 28.Qxh6 Rxg3 29.
Nxg3 Rg8 30.Qe3 Bc8 31.Bd3 Qd8 32.Ne2 Bg4 33.Rf1 Ne6 34.Qa7 Nc5 35.Kc2 Qf8
36.Nc1 Be6 37.Qe7 Qb8 38.Nf3 Re8 39.Nxe5 Rxe7 40.Nc6 Qg8 41.fxe7 Qe8 42.
Nxb4 Qxe7 43.Rf4 Qf8 44.Nd5 Qg7 45.Ne2 Qg2 46.b4 axb3+ 47.axb3 Qh3 48.Nc1 
Qg3 49.Rf6 Qxh4 50.Rf1 Qh2+ 51.Kc3 Qg3 52.Nf4 Nxe4+ 53.Kd4 Nd2 0-1

[Event "10th Lost Boys op"]
[Site "Amsterdam NED"]
[Date "2002.08.04"]
[Round "9.6"]
[White "Peek, Marcel"]
[Black "Conquest, Stuart"]
[Result "1-0"]
[WhiteElo "2345"]
[BlackElo "2542"]
[EventDate "2002.07.26"]
[PlyCount "82"]

1.d4 Nf6 2.Nf3 e6 3.c4 b6 4.Nc3 Bb4 5.Bg5 Bb7 6.e3 h6 7.Bh4 Bxc3+ 8.bxc3 
d6 9.Nd2 g5 10.Bg3 Qe7 11.h4 Rg8 12.hxg5 hxg5 13.Rh6 Nbd7 14.Qa4 Kf8 15.f3
a6 16.Bd3 Kg7 17.Rh1 Rh8 18.O-O-O c5 19.Rxh8 Rxh8 20.Ne4 Nxe4 21.Bxe4 b5 
22.cxb5 Nb6 23.Qb3 Bd5 24.Bxd5 exd5 25.Re1 axb5 26.e4 g4 27.exd5 Qg5+ 28.
f4 Qxd5 29.Qxd5 Nxd5 30.f5 c4 31.Bxd6 Rd8 32.Be7 Re8 33.f6+ Kg6 34.Re5 
Nxc3 35.Kc2 Nxa2 36.Rxb5 Ra8 37.d5 Kf5 38.Rb7 Ra4 39.d6 Nb4+ 40.Rxb4 Rxb4 
41.d7 Rb8 1-0

[Event "10th Lost Boys op"]
[Site "Amsterdam NED"]
[Date "2002.08.04"]
[Round "9.7"]
[White "Sadvakasov, Darmen"]
[Black "Janssen, Ruud"]
[Result "1/2-1/2"]
[WhiteElo "2534"]
[BlackElo "2468"]
[EventDate "2002.07.26"]
[PlyCount "56"]

1.e4 c5 2.Nf3 e6 3.d4 cxd4 4.Nxd4 Nf6 5.Nc3 Nc6 6.Ndb5 d6 7.Bf4 e5 8.Bg5 
a6 9.Na3 b5 10.Bxf6 gxf6 11.Nd5 f5 12.Bd3 Be6 13.O-O Bxd5 14.exd5 Ne7 15.
c3 Bg7 16.Qh5 e4 17.Be2 O-O 18.Nc2 f4 19.a4 Ng6 20.Kh1 Re8 21.Nb4 Re5 22.
Qh3 f3 23.gxf3 Nf4 24.Qg4 Qf6 25.fxe4 Rg5 26.Qf3 Rh5 27.Nd3 Rxh2+ 28.Kxh2 
Qh4+ 1/2-1/2

[Event "10th Lost Boys op"]
[Site "Amsterdam NED"]
[Date "2002.08.04"]
[Round "9.8"]
[White "Vidarsson, Jon Gardar"]
[Black "Gurevich, Mikhail"]
[Result "1/2-1/2"]
[WhiteElo "2378"]
[BlackElo "2649"]
[EventDate "2002.07.26"]
[PlyCount "128"]

1.e4 e6 2.d4 d5 3.exd5 exd5 4.Bd3 Bd6 5.Qf3 Nc6 6.c3 Be6 7.Ne2 Qd7 8.Bf4 
Be7 9.h3 O-O-O 10.Bh2 g5 11.Bb5 a6 12.Ba4 h5 13.Qd3 Nf6 14.Nd2 Bf5 15.Bxc6
Bxd3 16.Bxd7+ Nxd7 17.Nc1 Bf5 18.Ne2 Bd3 19.Nc1 Bc2 20.Nf1 g4 21.Bf4 Be4 
22.hxg4 hxg4 23.Rxh8 Rxh8 24.Ne3 Nf8 25.Ke2 Ng6 26.Bg3 Bg5 27.Nxg4 Bxg2 
28.Ne3 Be4 29.Nd3 f5 30.Be5 Rh5 31.Ne1 Bxe3 32.Kxe3 Rh3+ 33.Ke2 f4 34.Bf6 
Kd7 35.f3 Rh2+ 36.Kf1 Bf5 37.b3 Rd2 38.a4 Ke6 39.Bd8 Kd7 40.Bf6 c6 41.a5 
Rb2 42.b4 Rd2 43.Rc1 Nf8 44.Kg1 Ne6 45.Ng2 Ke8 46.Bh4 Kf7 47.Ne1 Kg6 48.
Ng2 Bh3 49.Ne1 Ng5 50.Bxg5 Kxg5 51.Rc2 Rd1 52.Kf2 Bf5 53.Re2 Rc1 54.Re7 
Rxc3 55.Rg7+ Kf6 56.Rxb7 Rc4 57.Rb6 Rxd4 58.Rxc6+ Ke5 59.Rxa6 Rxb4 60.Ra8 
Rb2+ 61.Kg1 Rb1 62.Kf2 Rb2+ 63.Kg1 Rb1 64.Kf2 Rb2+ 1/2-1/2

[Event "10th Lost Boys op"]
[Site "Amsterdam NED"]
[Date "2002.08.04"]
[Round "9.9"]
[White "Timman, Jan"]
[Black "Kritz, Leonid"]
[Result "1/2-1/2"]
[WhiteElo "2623"]
[BlackElo "2454"]
[EventDate "2002.07.26"]
[PlyCount "93"]

1.e4 e5 2.Nf3 Nc6 3.Bb5 Nf6 4.O-O Nxe4 5.d4 Nd6 6.Bxc6 dxc6 7.dxe5 Nf5 8.
Qxd8+ Kxd8 9.Nc3 Ke8 10.h3 Be7 11.Bg5 Bxg5 12.Nxg5 h6 13.Nf3 h5 14.Ne2 Ke7
15.Nf4 g6 16.Rad1 Ng7 17.Rfe1 Rd8 18.Rxd8 Kxd8 19.Ng5 Ke7 20.Rd1 a5 21.a4 
Bf5 22.c3 Bc2 23.Rd4 Bb3 24.Nd3 b6 25.Nc1 Bd5 26.c4 Ne6 27.Nxe6 Bxe6 28.b3
b5 29.Nd3 bxa4 30.bxa4 Bf5 31.Nc5 Rb8 32.g4 hxg4 33.hxg4 Be6 34.Kg2 Rb4 
35.Kg3 Rxc4 36.Rxc4 Bxc4 37.Kf4 Be2 38.Kg5 Bf3 39.Kf4 Be2 40.g5 Bc4 41.Ke3
Bd5 42.f4 Bc4 43.Kd4 Be2 44.Kc3 Bf3 45.Kc2 Bd5 46.Kd2 Be6 47.Kc3 1/2-1/2

[Event "10th Lost Boys op"]
[Site "Amsterdam NED"]
[Date "2002.08.04"]
[Round "9.11"]
[White "Berkvens, Joost"]
[Black "Solleveld, Maarten"]
[Result "1-0"]
[WhiteElo "2467"]
[BlackElo "2451"]
[EventDate "2002.07.26"]
[PlyCount "57"]

1.c4 c5 2.Nf3 g6 3.d4 Bg7 4.d5 f5 5.g3 d6 6.Bg2 Nf6 7.O-O O-O 8.Nc3 Na6 9.
Rb1 Rb8 10.a3 Bd7 11.b4 cxb4 12.axb4 Rc8 13.Qb3 Qc7 14.Nd2 Kh8 15.Ba3 Ng4 
16.Rbc1 Qb6 17.Na4 Bxa4 18.Qxa4 f4 19.Ne4 fxg3 20.hxg3 Qd4 21.Qd7 Ne3 22.
Ng5 Nxf1 23.Rxf1 Nc7 24.Qxe7 h6 25.Nf7+ Kg8 26.Nxd6 Bf6 27.Qd7 Rcd8 28.
Qxc7 Be5 29.Nb5 1-0

[Event "10th Lost Boys op"]
[Site "Amsterdam NED"]
[Date "2002.08.04"]
[Round "9.14"]
[White "Shirazi, Kamran"]
[Black "Wegerle, Jorg"]
[Result "0-1"]
[WhiteElo "2448"]
[BlackElo "2365"]
[EventDate "2002.07.26"]
[PlyCount "64"]

1.e4 e6 2.d4 d5 3.Nc3 Bb4 4.exd5 exd5 5.Bd3 Nf6 6.Ne2 Bg4 7.f3 Bh5 8.a3 
Bxc3+ 9.Nxc3 O-O 10.h4 Re8+ 11.Be2 Bg6 12.g4 h5 13.Bg5 Qd6 14.Qd2 Qg3+ 15.
Kf1 Nbd7 16.Re1 hxg4 17.Bf4 Rxe2 18.Rxe2 Qxf3+ 19.Kg1 Be4 20.Rhh2 g3 21.
Rhg2 Nh5 22.Bxc7 Rc8 23.Nxe4 dxe4 24.Re3 Rxc7 25.Rxf3 exf3 26.Qa5 f2+ 27.
Rxf2 gxf2+ 28.Kf1 Ndf6 29.Qxc7 Ne4 30.Qc8+ Kh7 31.Qf5+ Kh6 32.Qf4+ Nxf4 
0-1

[Event "10th Lost Boys op"]
[Site "Amsterdam NED"]
[Date "2002.08.04"]
[Round "9.15"]
[White "Werle, Jan"]
[Black "Dambacher, Martijn"]
[Result "1/2-1/2"]
[WhiteElo "2443"]
[BlackElo "2297"]
[EventDate "2002.07.26"]
[PlyCount "57"]

1.Nf3 d5 2.d4 Nf6 3.c4 e6 4.Nc3 Be7 5.Bg5 O-O 6.Rc1 h6 7.Bh4 b6 8.cxd5 
Nxd5 9.Nxd5 exd5 10.Bxe7 Qxe7 11.g3 Be6 12.Bg2 c5 13.Ne5 Rc8 14.dxc5 Rxc5 
15.Nd3 Rxc1 16.Qxc1 Na6 17.O-O Nb4 18.Qd2 Nxd3 19.Qxd3 Qc5 20.Rd1 Rc8 21.
h3 Qc2 22.Qd2 Qxd2 23.Rxd2 Rc1+ 24.Kh2 Kf8 25.g4 g5 26.Kg3 Ke7 27.e3 Kd6 
28.e4 d4 29.Rxd4+ 1/2-1/2

[Event "10th Lost Boys op"]
[Site "Amsterdam NED"]
[Date "2002.08.04"]
[Round "9.16"]
[White "Hendriks, Willy"]
[Black "Daly, Colm"]
[Result "0-1"]
[WhiteElo "2410"]
[BlackElo "2338"]
[EventDate "2002.07.26"]
[PlyCount "62"]

1.e4 c5 2.Nf3 d6 3.d4 cxd4 4.Nxd4 Nf6 5.Nc3 a6 6.Bc4 e6 7.Bb3 Nbd7 8.f4 
Nc5 9.Qf3 Be7 10.f5 Qa5 11.Bg5 Ncxe4 12.Bxf6 Nxf6 13.fxe6 Qe5+ 14.Nce2 
fxe6 15.O-O-O d5 16.Rhe1 Ne4 17.Nf4 O-O 18.g3 Bd7 19.Qg4 Qg5 20.Qxg5 Bxg5 
21.c4 e5 22.c5 exf4 23.Bxd5+ Kh8 24.Bxe4 f3+ 25.Kc2 f2 26.Rf1 Bg4 27.Bxb7 
Rad8 28.Bxa6 Be3 29.Kc3 Bxd1 30.Rxd1 Bxd4+ 31.Rxd4 Rf3+ 0-1

[Event "10th Lost Boys op"]
[Site "Amsterdam NED"]
[Date "2002.08.04"]
[Round "9.17"]
[White "Van Delft, Merijn"]
[Black "Van Blitterswijk, Stefan"]
[Result "1/2-1/2"]
[WhiteElo "2340"]
[BlackElo "2394"]
[EventDate "2002.07.26"]
[PlyCount "26"]

1.d4 Nf6 2.Nf3 c5 3.d5 e6 4.dxe6 fxe6 5.g3 d5 6.Bg2 Be7 7.O-O O-O 8.b3 Nc6
9.Bb2 Bd7 10.Nbd2 Qc7 11.c4 d4 12.Ng5 Rae8 13.Qc2 a5 1/2-1/2

[Event "10th Lost Boys op"]
[Site "Amsterdam NED"]
[Date "2002.08.04"]
[Round "9.19"]
[White "Bachofner, Andreas"]
[Black "Erwich, Marc"]
[Result "0-1"]
[WhiteElo "2327"]
[BlackElo "2376"]
[EventDate "2002.07.26"]
[PlyCount "76"]

1.Nf3 Nf6 2.b3 b6 3.Bb2 e6 4.d3 d5 5.g3 Bb7 6.Bg2 Be7 7.O-O O-O 8.Nbd2 c5 
9.e4 Nc6 10.Re1 b5 11.a4 a6 12.Ne5 Nxe5 13.Bxe5 Qd7 14.Qe2 Bc6 15.axb5 
axb5 16.f4 Rfd8 17.g4 Qb7 18.f5 dxe4 19.Nxe4 Nxe4 20.Bxe4 f6 21.Bb2 e5 22.
g5 c4 23.dxc4 Rxa1 24.Bxa1 Bxe4 25.Qxe4 Qxe4 26.Rxe4 Rd1+ 27.Kg2 Rxa1 28.
cxb5 Ra5 29.c4 Ra2+ 30.Kf3 Rxh2 31.Re3 Bc5 32.Rd3 Rh3+ 33.Ke4 Rxd3 34.Kxd3
fxg5 35.Ke4 g4 36.b4 Bxb4 37.Kd5 g3 38.b6 Ba5 0-1

[Event "10th Lost Boys op"]
[Site "Amsterdam NED"]
[Date "2002.08.04"]
[Round "9.20"]
[White "Jonkman, Harmen"]
[Black "Witt, Rob"]
[Result "1-0"]
[WhiteElo "2497"]
[BlackElo "2308"]
[EventDate "2002.07.26"]
[PlyCount "61"]

1.e4 c5 2.c3 d5 3.exd5 Qxd5 4.d4 Nf6 5.Nf3 e6 6.Be3 cxd4 7.cxd4 Nc6 8.Nc3 
Qd6 9.a3 Be7 10.Bd3 b6 11.O-O Bb7 12.Qe2 O-O 13.Rad1 Rfe8 14.Rfe1 Rad8 15.
Bg5 h6 16.Bc1 Bf8 17.Bb1 Ne7 18.Nb5 Qb8 19.Ne5 Ned5 20.Qd3 a6 21.Nc3 Qc7 
22.Ng4 Be7 23.Re5 Nxc3 24.bxc3 Rd5 25.a4 Qd6 26.Rxd5 exd5 27.Nxf6+ Bxf6 
28.Qh7+ Kf8 29.Qh8+ Ke7 30.Re1+ Be5 31.Qxg7 1-0

[Event "10th Lost Boys op"]
[Site "Amsterdam NED"]
[Date "2002.08.04"]
[Round "9.21"]
[White "Spaan, Martijn Tigran"]
[Black "Stellwagen, Daniel"]
[Result "0-1"]
[WhiteElo "2311"]
[BlackElo "2464"]
[EventDate "2002.07.26"]
[PlyCount "54"]

1.e4 e6 2.d4 d5 3.Nc3 Nf6 4.e5 Nfd7 5.f4 c5 6.Nf3 Nc6 7.Be3 cxd4 8.Nxd4 
Bc5 9.Qd2 O-O 10.O-O-O a6 11.h4 Nxd4 12.Bxd4 b5 13.Rh3 Bb7 14.Kb1 b4 15.
Ne2 a5 16.g4 Ba6 17.Bg2 Bxe2 18.Qxe2 Rc8 19.g5 a4 20.Qb5 Rb8 21.Qc6 Qa5 
22.Bxd5 Bxd4 23.Rxd4 Qa7 24.Rhd3 Rfc8 25.Qd6 exd5 26.Rxd5 Nf8 27.R5d4 Ne6 
0-1

[Event "10th Lost Boys op"]
[Site "Amsterdam NED"]
[Date "2002.08.04"]
[Round "9.22"]
[White "Van der Werf, Mark"]
[Black "Geirnaert, Steven"]
[Result "1-0"]
[WhiteElo "2422"]
[BlackElo "2160"]
[EventDate "2002.07.26"]
[PlyCount "53"]

1.Nf3 Nf6 2.c4 e6 3.d4 b6 4.g3 Bb7 5.Bg2 Be7 6.O-O O-O 7.Nc3 Ne4 8.Bd2 d6 
9.d5 Nxc3 10.Bxc3 Bf6 11.Rc1 Bxc3 12.Rxc3 e5 13.e4 Bc8 14.Nd2 f5 15.f4 
exf4 16.gxf4 fxe4 17.Nxe4 Qh4 18.Ng5 Bg4 19.Qd4 Bf5 20.Rg3 g6 21.Be4 Na6 
22.Ne6 Bxe6 23.dxe6 Rae8 24.Bxg6 Qxg3+ 25.hxg3 hxg6 26.f5 gxf5 27.Rxf5 1-0